| 000 | 02243cam a2200397 a 4500 | ||
|---|---|---|---|
| 001 | 15678763 | ||
| 003 | OSt | ||
| 005 | 20240530110942.0 | ||
| 008 | 090330s2003 ua a b 001 0 ara d | ||
| 020 | _a9782724703535 | ||
| 040 | _cEG-CAGPL | ||
| 041 | 0 |
_aara _afre |
|
| 082 |
_221 _a962.02 \ _bK D |
||
| 100 | 1 |
_6880-01 _aKhashshāb, Ismāʻīl ibn Saʻd, _d-1815. |
|
| 245 | 1 | 3 |
_6880-02 _aal-Tārīkh al-musalsal fī ḥawādith al-zamān wa-waqāyiʻ al-dīwān, 1800-1801 / _cli-Ismāʻīl al-Khashshāb ; taḥqīq wa-taḥlīl wa-taʻlīq Muḥammad ʻAfīfī wa-Andrīh Raymūn ; taqdīm Zhūn Farānswā Klīmint maʻa nubdhah li-Mārī Zhīnīvīyāv Jīdūn. |
| 246 | 1 | 5 | _aDı̂wân du Caire, 1800-1801 |
| 260 |
_6880-03 _aal-Qāhirah : _bal-Maʻhad al-ʻIlmī al-Faransī lil-Āthār al-Sharqīyah, _c2003. |
||
| 300 |
_a20, 17, 153, 78, xxviii p. : _bill. ; _c28 cm. |
||
| 490 | 1 |
_6880-04 _aNuṣūṣ ʻArabīyah wa-dirāsāt Islāmīyah ; _val-mujallad 39 |
|
| 504 | _aIncludes bibliographical references and indexes. | ||
| 546 | _aArabic and French. | ||
| 650 | 1 | 7 |
_aVolksvertegenwoordiging. _2gtt |
| 651 | 0 |
_aEgypt _xHistory _yFrench occupation, 1798-1801 _vSources. |
|
| 651 | 0 |
_aEgypt _xPolitics and government _y640-1882 _vSources. |
|
| 700 | 1 | _aʻAfīfī, Muḥammad. | |
| 700 | 1 | _aRaymond, André. | |
| 700 | 1 |
_aClément, J.-F. _q(Jean-François) |
|
| 700 | 1 | _aGuesdon, Marie-Geneviève. | |
| 830 | 0 |
_aTextes arabes et études islamiques ; _vt. 39. |
|
| 880 | 1 |
_6100-01/(3/r _aخشاب، اسماعيل بن سعد، _d-1815. |
|
| 880 | 1 | 2 |
_6245-02/(3/r _aالتاريخ المسلسل في حوادث الزمان ووقايع الديوان، 1800-801 / _cلاسماعيل الخشاب ؛ تحقيق وتحليل وتعليق محمد عفيفي واندريه ريمون ؛ تقديم چون فرانسوا كليمنت مع نبذة لماري چينيڤياڤ جيدون. |
| 880 |
_6260-03/(3/r _aالقاهرة : _bالمعهد العلمي الفرنسي للآثار الشرقية، _c2003. |
||
| 880 | 0 |
_6440-00/(3/r _aنصوص عربية ودراسات إسلامية ؛ _vالمجلد 39 |
|
| 880 | 1 |
_6490-04/(3/r _aنصوص عربية ودراسات اسلامية ؛ _vالمجلد 39 |
|
| 942 |
_2ddc _cBK |
||
| 999 |
_c66842 _d66842 |
||